London dominates office space study (Record no. 72403)
[ view plain ]
| 000 -LEADER | |
|---|---|
| fixed length control field | 00959cam a2200205 4500 |
| 001 - CONTROL NUMBER | |
| control field | WB3913-05 |
| 008 - FIXED-LENGTH DATA ELEMENTS--GENERAL INFORMATION | |
| fixed length control field | 030401n2003 000 0 eng u |
| 035 ## - SYSTEM CONTROL NUMBER | |
| System control number | (Sirsi) u121843 |
| 245 ## - TITLE STATEMENT | |
| Title | London dominates office space study |
| 260 ## - PUBLICATION, DISTRIBUTION, ETC. | |
| Date of publication, distribution, etc. | 2003 |
| 490 ## - SERIES STATEMENT | |
| Series statement | Planning (for the Natural and Built Environment) |
| Volume/sequential designation | 28 March 2003, 3(1) |
| 520 ## - SUMMARY, ETC. | |
| Summary, etc. | The ODPM has published the first statistics on the amount of office floorspace and rateable value analysed by age trends in building stock since 1939. The figures show that nearly half of all offices built in England and Wales since 1998 are in London and the southeast. "Age of commercial and industrial property 2000" can be viewed on the ODPM website, http://www.planning.odpm.gov.uk/floorspace/index.htm. |
| 590 ## - LOCAL NOTE (RLIN) | |
| Local note | WB |
| 650 ## - SUBJECT ADDED ENTRY--TOPICAL TERM | |
| Topical term or geographic name entry element | LONDON |
| 650 ## - SUBJECT ADDED ENTRY--TOPICAL TERM | |
| Topical term or geographic name entry element | OFFICE FLOORSPACE |
| 650 ## - SUBJECT ADDED ENTRY--TOPICAL TERM | |
| Topical term or geographic name entry element | COMMERCIAL BUILDINGS |
| 650 ## - SUBJECT ADDED ENTRY--TOPICAL TERM | |
| Topical term or geographic name entry element | INDUSTRIAL BUILDINGS |
| 690 ## - LOCAL SUBJECT ADDED ENTRY--TOPICAL TERM (OCLC, RLIN) | |
| Topical term or geographic name as entry element | PROPERTY-COMMERCIAL PROPERTY |
| 942 ## - ADDED ENTRY ELEMENTS (KOHA) | |
| Suppress in OPAC | 0 |
| Withdrawn status | Lost status | Source of classification or shelving scheme | Damaged status | Not for loan | Home library | Current library | Shelving location | Date acquired | Total Checkouts | Full call number | Barcode | Date last seen | Copy number | Price effective from | Koha item type |
|---|---|---|---|---|---|---|---|---|---|---|---|---|---|---|---|
| Dewey Decimal Classification | London | London | News article | 01/04/2003 | WB3913-05 | 121843-1001 | 06/08/2019 | 1 | 06/08/2019 | News article |